| 000 | 00937nam a22002897a 4500 | ||
|---|---|---|---|
| 001 | 0000834 | ||
| 003 | KOHA_MİRAKIL | ||
| 005 | 20260207001222.0 | ||
| 007 | ta | ||
| 008 | 081212b2008 tu |||grd|||#0|||0|tur | | ||
| 020 |
_a975471018X _cYTL35,525 |
||
| 040 |
_aTR-BiSEU _btur _cTR-BiSEU _erda |
||
| 041 | 0 | _atur | |
| 044 | _ctu | ||
| 050 |
_aQ123 _b.D53 2008 |
||
| 240 | 1 | 0 |
_ateknik terimler sözlüğü : İngilizce - Türkçe Türkçe - İngilizce _lTürkçe |
| 245 | 0 |
_aDictionary of technical term = _bteknik terimler sözlüğü : _bİngilizce - Türkçe Türkçe - İngilizce/ _ceditör Ali Bayram. |
|
| 264 | 1 |
_aİstanbul : _bFono Açıköğretim Kurumu Yayınları _c2008 |
|
| 300 | _a736 sayfa | ||
| 336 |
_ametin _btxt _2rdacontent |
||
| 337 |
_aaracısız _bn _2rdamedia |
||
| 338 |
_acilt _bnc _2rdacarrier |
||
| 500 | _aKaynakça var. | ||
| 650 | 0 |
_aTeknoloji--Sözlükler. _93393 |
|
| 907 | _aSözlük | ||
| 942 |
_2lcc _cBK |
||
| 999 |
_c829 _d829 |
||